Zjemnenie konjunkcie v SQL dopytoch bakalárska práca

Na minha lista:
Detalhes bibliográficos
Autor principal: Kubišová, Soňa
Autor Corporativo: Fakulta hospodárskej informatiky EU. Katedra aplikovanej informatiky
Outros Autores: Hudec, Miroslav, 1969-
Formato: Livro
Idioma:eslovaco
Publicado em: Bratislava 2020
Tags: Adicionar Tag
Sem tags, seja o primeiro a adicionar uma tag!

MARC

LEADER 00000nbm a2200000 4500
001 0264682
005 20210510105626.6
041 0 |a slo 
044 |a SK 
245 1 0 |a Zjemnenie konjunkcie v SQL dopytoch  |b bakalárska práca  |c Soňa Kubišová ; školiteľ: Miroslav Hudec 
264 1 |a Bratislava  |c 2020 
300 |a 50 s. 
100 1 |a Kubišová, Soňa 
700 1 |a Hudec, Miroslav, 1969- 
710 2 |a Fakulta hospodárskej informatiky EU. Katedra aplikovanej informatiky